Province Italiane - Morte improvvisa - Statistics

Statistiche generali
  • Questo quiz è stato fatto 240 volte
  • Il punteggio medio è 19 su 24
Answers on the Grid
Answers color-coded by a green-red scale on the quiz's grid according to % correct below.
Aosta
Avellino
Benevento
Bolzano
Caltanissetta
Catania
Cosenza
Enna
Foggia
Gorizia
La Spezia
Lecco
Macerata
Messina
Napoli
Oristano
Padova
Perugia
Pisa
Prato
Reggio Emilia
Rovigo
Savona
Taranto
Marsala
Torre del Greco
Sesto San Giovanni
Pozzuoli
Cinisello Balsamo
Aprilia
Corigliano-Rossano
Casoria
Carpi
Gela
Altamura
Imola
Quartu Sant'Elena
Lamezia Terme
Vittoria
Pomezia
Vigevano
Castellammare di Stabia
Afragola
Viareggio
Legnano
Fano
Anzio
Acerra
 
Statistiche sulle risposte
Risposta % Corretto
Pisa
86%
Padova
85%
Napoli
84%
Cosenza
83%
La Spezia
83%
Catania
82%
Avellino
81%
Bolzano
81%
Messina
81%
Taranto
81%
Aosta
80%
Foggia
80%
Perugia
80%
Reggio Emilia
80%
Benevento
79%
Caltanissetta
79%
Enna
79%
Lecco
78%
Prato
76%
Savona
76%
Rovigo
74%
Gorizia
71%
Macerata
69%
Oristano
69%
Nessun quiz corrispondente trovato
Distribuzione punteggi
Percentuale di utenti per punteggio
Percentile per numero di risposta
I tuoi punteggi nel tempo
Non hai fatto questo quiz